000 00528 a2200181 4500
999 _c6299
_d6299
020 _a9781292020976
050 0 0 _aTX911.2 FEN 2014
100 1 _aFenich, George G.
_eauthor
245 1 0 _aMeetings, expositions, events, and conventions /
_cGeorge G. Fenich.
250 _a2nd ed.
264 _aHarlow :
_bPearson Education,
_c2014.
300 _a356p. :
_bill.
500 _aIncludes index.
650 0 _aHospitality industry.
650 0 _aCongresses and conventions.
650 0 _aMeetings.
942 _2lcc
_cBK
_h911.2
_iFEN
_kTX